Presidents of Algeria by Picture - Statistics

General Stats
  • This quiz has been taken 21 times
  • The average score is 9 of 14
Answer Stats
Picture Hint Answer % Correct
1999-2019 Abdelaziz Bouteflika
94%
2019-Present Abdelmadjid Tebboune
94%
1965-1978 Houari Boumédiène
89%
1963-1965 Ahmed Ben Bella
83%
1979-1992 Chadli Bendjedid
67%
1994-1999 Liamine Zéroual
67%
1992 Mohamed Boudiaf
67%
1958-1961 | 1962-1963 Ferhat Abbas
56%
2019 Abdelkader Bensalah
50%
1992-1994 Ali Kafi
44%
1962 Abderrahmane Farès
39%
1961-1962 Benyoucef Benkhedda
39%
1978-1979 Rabah Bitat
39%
1992 Abdelmalek Benhabyles
33%
No matching quizzes found
Score Distribution
Percent of People with Each Score
Percentile by Number Answered
Your Score History
You have not taken this quiz